Animals by Letter and Picture-D - Statistics

General Stats
  • This quiz has been taken 73 times
  • The average score is 10 of 15
Answer Stats
Picture Answer % Correct
Deer
98%
Dog
98%
Duck
98%
Donkey
96%
Dolphin
95%
Dragonfly
91%
Dove
84%
Dingo
82%
Dugong
57%
Dormouse
52%
Dik Dik
46%
Drill
25%
Degu
11%
Dipper
11%
Dotterel
9%
No matching quizzes found
Score Distribution
Percent of People with Each Score
Percentile by Number Answered
Your Score History
You have not taken this quiz